Lịch sử kiến trúc thế giới qua hình vẽ

Trình bày thời kỳ cộng đồng nguyên thủy; Kiến trúc thời kỳ xã hội nô lệ (Từ 4.000 năm TCN đến TK V sau CN); Kiến trúc thời kỳ phong kiến châu âu; Kiến trúc hiện đại; Kiến trúc cổ điển Châu Á; Lược trình phát triển kiến trúc thế giới...

ver descrição completa

Na minha lista:
Detalhes bibliográficos
Autor principal: Tôn Đại
Formato: Livro
Idioma:Undetermined
Publicado em: H. Xây dựng 2017
Assuntos:
Acesso em linha:http://lrc.tdmu.edu.vn/opac/search/detail.asp?aID=2&ID=32256
Tags: Adicionar Tag
Sem tags, seja o primeiro a adicionar uma tag!
Thư viện lưu trữ: Trung tâm Học liệu Trường Đại học Thủ Dầu Một
LEADER 00996nam a2200205Ia 4500
001 TDMU_32256
008 210410s9999 xx 000 0 und d
082 |a 303.34 
090 |b T454 
100 |a Tôn Đại 
245 0 |a Lịch sử kiến trúc thế giới qua hình vẽ 
245 0 |c Tôn Đại 
260 |a H. 
260 |b Xây dựng 
260 |c 2017 
300 |a 94tr. 
520 |a Trình bày thời kỳ cộng đồng nguyên thủy; Kiến trúc thời kỳ xã hội nô lệ (Từ 4.000 năm TCN đến TK V sau CN); Kiến trúc thời kỳ phong kiến châu âu; Kiến trúc hiện đại; Kiến trúc cổ điển Châu Á; Lược trình phát triển kiến trúc thế giới 
650 |a Kiến trúc  |x Lịch sử  |z Thế giới 
856 |u http://lrc.tdmu.edu.vn/opac/search/detail.asp?aID=2&ID=32256 
980 |a Trung tâm Học liệu Trường Đại học Thủ Dầu Một